Non-Recognized Countries and Territories of the World - Statistics

General Stats
  • This quiz has been taken 77 times
    26 since last reset
  • The average score is 43 of 71
Answer Stats
Non-Recognized Countries % Correct
Somaliland
100%
Abkhazia
86%
Cook Islands
86%
Gibraltar
86%
Greenland
86%
Palestine
86%
South Ossetia
86%
Transnistria
86%
Western Sahara
86%
American Samoa
71%
Anguilla
71%
Aruba
71%
Bermuda
71%
British Virgin Islands
71%
Caribbean Netherlands
71%
Cayman Islands
71%
Cocos (Keeling) Islands
71%
Curaçao
71%
Falkland Islands
71%
French Polynesia
71%
Guadeloupe
71%
Guam
71%
Guernsey
71%
Hong Kong
71%
Isle of Man
71%
Jersey
71%
Macau
71%
Martinique
71%
Mayotte
71%
New Caledonia
71%
Niue
71%
Northern Cyprus
71%
Northern Mariana Islands
71%
Pitcairn Islands
71%
Puerto Rico
71%
Réunion
71%
Saint Barthélemy
71%
Saint Helena, Ascension, and Tristan da Cunha
71%
Saint Martin
71%
Tokelau
71%
U.S. VirginIslands
71%
Baker and Howland Islands
57%
British Indian Ocean Territory
57%
Christmas Island
57%
Faroe Islands
57%
French Guiana
57%
Jarvis Island
57%
Kingman Reef
57%
Montserrat
57%
Navassa Island
57%
Norfolk Island
57%
Saint Pierre andMiquelon
57%
Sint Maarten
57%
South Georgia and South Sandwich Islands
57%
Turks andCaicos Islands
57%
Wallis andFutuna
57%
Easter Island
43%
Johnston Atoll
43%
Midway Islands
43%
Palmyra Atoll
43%
Svalbard andJan Mayen
43%
Wake Island
43%
Ashmore and Cartier Islands
29%
Clipperton Island
29%
Coral Sea Islands
29%
Bouvet Island
14%
Heard and Mc Donald Islands
14%
Jan Mayen
14%
Netherlands Antilles
0%
Paracel Islands
0%
Spratly Islands
0%
No matching quizzes found
Score Distribution
Percent of People with Each Score
Percentile by Number Answered
Your Score History
You have not taken this quiz since the last reset